Sports Quiz

Random Sports Quiz
Score 0/19 Timer 10:00
0 Plays Today
Answer % Correct
Tom Cairney
97%
Floyd Ayite
91.1%
Chris Martin
90.1%
Tomas Kalas
90.1%
Scott Malone
88.1%
Stefan Johansen
87.1%
Sone Aluko
87.1%
Kevin McDonald
87.1%
Ryan Sessegnon
83.2%
Lucas Piazon
81.2%
Answer % Correct
Denis Odoi
81.2%
Tim Ream
81.2%
Neeskens Kebano
78.2%
Cauley Woodrow
77.2%
Matt Smith
68.3%
Ragnar Sigurdsson
59.4%
Lasse Vigen Christensen
46.5%
Gohi Cyriac
41.6%
Dennis Adeniran
39.6%

You're not logged in!

Compare scores with friends on all Sporcle quizzes.
OR
Log In

Sporcle TV

Today on Sporcle TV


Watch our educational content, quiz creation guides, and fun videos on Sporcle TV.

Show Comments

Extras

Created Jun 12, 2017ReportNominate
Tags:Fulham, Goal Scorers, season

Top Quizzes Today


Score Distribution

Paid Content

Your Account Isn't Verified!

In order to create a playlist on Sporcle, you need to verify the email address you used during registration. Go to your Sporcle Settings to finish the process.

Report this User

Report this user for behavior that violates our Community Guidelines.

Details: